Statystyki dla Państwa położone na kilku kontynentach

Kliknij tutaj aby rozwiązać quiz!

Ogólne statystyki

  • Ten quiz został rozwiązany 2 002 razy
    (1 939 od ostatniego zresetowania)
  • Średni wynik to 7 z 9

Statystyki odpowiedzi

KontynentyPaństwo% Poprawnych
Europa, AzjaRosja
98%
Europa, AzjaTurcja
97%
Europa, AfrykaHiszpania
88%
Europa, AzjaKazachstan
83%
Europa, AfrykaWielka Brytania
80%
Europa, Ameryka Płd, OceaniaFrancja
78%
Azja, AfrykaEgipt
76%
Ameryka Płn, Ameryka PłdPanama
66%
Europa, Ameryka PłnDania
62%

Rozkład punktacji

Percentyl według liczby udzielonych odpowiedzi

Procent ludzi z każdym wynikiem

Twoja historia wyników

Nie rozwiązałeś tego quizu od ostatniego zresetowania